书目信息 |
| 题名: |
用新闻拯救生命
|
|
| 作者: | 柳斌杰 主编 | |
| 分册: | ||
| 出版信息: | 北京 新华出版社 2008 |
|
| 页数: | 299页 | |
| 开本: | 30cm | |
| 丛书名: | ||
| 单 册: | ||
| 中图分类: | K825.42=76 | |
| 科图分类: | ||
| 主题词: | 新闻工作者--生平事迹--中国--现代 , 新闻工作者 | |
| 电子资源: | ||
| ISBN: | 978-7-5011-8421-7 | |
| 000 | 00992nam0 2200241 45 | |
| 005 | 20100303152322.12 | |
| 010 | @a978-7-5011-8421-7@dCNY98.00 | |
| 100 | @a20100121d2008 em y0chiy50 ea | |
| 101 | 0 | @achi |
| 102 | @aCN@b110000 | |
| 105 | @aa z 000yy | |
| 106 | @ar | |
| 200 | 1 | @a用新闻拯救生命@AYong Xin Wen Zheng Jiu Sheng Ming@e抗震救灾中的中国记者@EKang Zhen Jiu Zai Zhong De Zhong Guo Ji Zhe@f柳斌杰主编@FLiu Bin Jie Zhu Bian |
| 210 | @a北京@c新华出版社@d2008 | |
| 215 | @a299页@c彩照@d30cm | |
| 330 | @a全书分为“媒体力量”“团队出击”“记者身影”“采访手记”四大部分,分别展现了中国媒体在抗震救灾中的工作全景,各个新闻单位的团队风貌,前线记者的先进事迹和震区记者的采访手记。 | |
| 517 | 1 | @a抗震救灾中的中国记者@AKang Zhen Jiu Zai Zhong De Zhong Guo Ji Zhe |
| 606 | 0 | @a新闻工作者@x生平事迹@y中国@z现代 |
| 606 | 0 | @a新闻工作者 |
| 690 | @aK825.42=76@v4 | |
| 701 | 0 | @a柳斌杰@ALiu Bin Jie@4主编 |
| 801 | 0 | @aCN@bTANGWEI@c20100303 |
| 905 | @b0584726-30@dK825.42=76@e656@f5 | |
| 用新闻拯救生命:抗震救灾中的中国记者/柳斌杰主编.-北京:新华出版社,2008 |
| 299页:彩照;30cm |
| ISBN 978-7-5011-8421-7:CNY98.00 |
| 全书分为“媒体力量”“团队出击”“记者身影”“采访手记”四大部分,分别展现了中国媒体在抗震救灾中的工作全景,各个新闻单位的团队风貌,前线记者的先进事迹和震区记者的采访手记。 |
| ● |
| 相关链接 |
|
|
|
|
正题名:用新闻拯救生命
索取号:K825.42=76/656
 
预约/预借
| 序号 | 登录号 | 条形码 | 馆藏地/架位号 | 状态 | 备注 |
| 1 | 0584726 | 205847262 | 第二样本阅览室/ [索取号:K825.42=76/656] | 在馆 | |
| 2 | 0584727 | 205847271 | 第二借阅区/ [索取号:K825.42=76/656] | 在馆 | |
| 3 | 0584728 | 205847280 | 第二借阅区/ [索取号:K825.42=76/656] | 在馆 | |
| 4 | 0584729 | 205847299 | 第二借阅区/ [索取号:K825.42=76/656] | 在馆 | |
| 5 | 0584730 | 205847306 | 第二借阅区/ [索取号:K825.42=76/656] | 在馆 |